<?xml version="1.0" encoding="UTF-8"?>
<record
    xmlns:xsi="http://www.w3.org/2001/XMLSchema-instance"
    xsi:schemaLocation="http://www.loc.gov/MARC21/slim http://www.loc.gov/standards/marcxml/schema/MARC21slim.xsd"
    xmlns="http://www.loc.gov/MARC21/slim">

  <leader>00483nam a2200193   4500</leader>
  <controlfield tag="003">SEACOMEC</controlfield>
  <controlfield tag="005">20240224112702.0</controlfield>
  <controlfield tag="008">240224b        |||||||| |||| 00| 0 eng d</controlfield>
  <datafield tag="020" ind1=" " ind2=" ">
    <subfield code="c">Rs.525.00</subfield>
  </datafield>
  <datafield tag="040" ind1=" " ind2=" ">
    <subfield code="a">SEACOMEC</subfield>
  </datafield>
  <datafield tag="082" ind1=" " ind2=" ">
    <subfield code="a">547</subfield>
    <subfield code="b">F491</subfield>
  </datafield>
  <datafield tag="100" ind1=" " ind2=" ">
    <subfield code="a">Finar,I.L.</subfield>
  </datafield>
  <datafield tag="245" ind1="1" ind2=" ">
    <subfield code="a">Organic Chemistry: the fundamental principles</subfield>
    <subfield code="c">I.L. Finar</subfield>
  </datafield>
  <datafield tag="250" ind1=" " ind2=" ">
    <subfield code="a">6th ed.</subfield>
  </datafield>
  <datafield tag="260" ind1=" " ind2=" ">
    <subfield code="a">Delhi</subfield>
    <subfield code="b">Pearson</subfield>
    <subfield code="c">2004</subfield>
  </datafield>
  <datafield tag="300" ind1=" " ind2=" ">
    <subfield code="a">1</subfield>
  </datafield>
  <datafield tag="650" ind1=" " ind2=" ">
    <subfield code="a">Natural sciences,Organic chemistry</subfield>
  </datafield>
  <datafield tag="942" ind1=" " ind2=" ">
    <subfield code="c">BOOK</subfield>
  </datafield>
  <datafield tag="952" ind1=" " ind2=" ">
    <subfield code="0">0</subfield>
    <subfield code="1">0</subfield>
    <subfield code="2">ddc</subfield>
    <subfield code="4">0</subfield>
    <subfield code="7">0</subfield>
    <subfield code="a">SEACOMEC</subfield>
    <subfield code="b">SEACOMEC</subfield>
    <subfield code="d">2024-02-24</subfield>
    <subfield code="l">0</subfield>
    <subfield code="o">547 F491</subfield>
    <subfield code="p">02941</subfield>
    <subfield code="r">2024-02-24 11:27:21</subfield>
    <subfield code="t">10</subfield>
    <subfield code="w">2024-02-24</subfield>
    <subfield code="y">BOOK</subfield>
  </datafield>
  <datafield tag="952" ind1=" " ind2=" ">
    <subfield code="0">0</subfield>
    <subfield code="1">0</subfield>
    <subfield code="2">ddc</subfield>
    <subfield code="4">0</subfield>
    <subfield code="7">0</subfield>
    <subfield code="a">SEACOMEC</subfield>
    <subfield code="b">SEACOMEC</subfield>
    <subfield code="d">2024-02-24</subfield>
    <subfield code="l">0</subfield>
    <subfield code="o">547 F491</subfield>
    <subfield code="p">02942</subfield>
    <subfield code="r">2024-02-24 11:27:21</subfield>
    <subfield code="t">11</subfield>
    <subfield code="w">2024-02-24</subfield>
    <subfield code="y">BOOK</subfield>
  </datafield>
  <datafield tag="952" ind1=" " ind2=" ">
    <subfield code="0">0</subfield>
    <subfield code="1">0</subfield>
    <subfield code="2">ddc</subfield>
    <subfield code="4">0</subfield>
    <subfield code="7">0</subfield>
    <subfield code="a">SEACOMEC</subfield>
    <subfield code="b">SEACOMEC</subfield>
    <subfield code="d">2024-02-24</subfield>
    <subfield code="l">0</subfield>
    <subfield code="o">547 F491</subfield>
    <subfield code="p">02943</subfield>
    <subfield code="r">2024-02-24 11:27:21</subfield>
    <subfield code="t">12</subfield>
    <subfield code="w">2024-02-24</subfield>
    <subfield code="y">BOOK</subfield>
  </datafield>
  <datafield tag="952" ind1=" " ind2=" ">
    <subfield code="0">0</subfield>
    <subfield code="1">0</subfield>
    <subfield code="2">ddc</subfield>
    <subfield code="4">0</subfield>
    <subfield code="7">0</subfield>
    <subfield code="a">SEACOMEC</subfield>
    <subfield code="b">SEACOMEC</subfield>
    <subfield code="d">2024-02-24</subfield>
    <subfield code="l">0</subfield>
    <subfield code="o">547 F491</subfield>
    <subfield code="p">02944</subfield>
    <subfield code="r">2024-02-24 11:27:21</subfield>
    <subfield code="t">13</subfield>
    <subfield code="w">2024-02-24</subfield>
    <subfield code="y">BOOK</subfield>
  </datafield>
  <datafield tag="952" ind1=" " ind2=" ">
    <subfield code="0">0</subfield>
    <subfield code="1">0</subfield>
    <subfield code="2">ddc</subfield>
    <subfield code="4">0</subfield>
    <subfield code="7">0</subfield>
    <subfield code="a">SEACOMEC</subfield>
    <subfield code="b">SEACOMEC</subfield>
    <subfield code="d">2024-02-24</subfield>
    <subfield code="l">0</subfield>
    <subfield code="o">547 F491</subfield>
    <subfield code="p">02945</subfield>
    <subfield code="r">2024-02-24 11:27:21</subfield>
    <subfield code="t">14</subfield>
    <subfield code="w">2024-02-24</subfield>
    <subfield code="y">BOOK</subfield>
  </datafield>
  <datafield tag="952" ind1=" " ind2=" ">
    <subfield code="0">0</subfield>
    <subfield code="1">0</subfield>
    <subfield code="2">ddc</subfield>
    <subfield code="4">0</subfield>
    <subfield code="7">0</subfield>
    <subfield code="a">SEACOMEC</subfield>
    <subfield code="b">SEACOMEC</subfield>
    <subfield code="d">2024-02-24</subfield>
    <subfield code="l">0</subfield>
    <subfield code="o">547 F491</subfield>
    <subfield code="p">02946</subfield>
    <subfield code="r">2024-02-24 11:27:21</subfield>
    <subfield code="t">15</subfield>
    <subfield code="w">2024-02-24</subfield>
    <subfield code="y">BOOK</subfield>
  </datafield>
  <datafield tag="952" ind1=" " ind2=" ">
    <subfield code="0">0</subfield>
    <subfield code="1">0</subfield>
    <subfield code="2">ddc</subfield>
    <subfield code="4">0</subfield>
    <subfield code="7">0</subfield>
    <subfield code="a">SEACOMEC</subfield>
    <subfield code="b">SEACOMEC</subfield>
    <subfield code="d">2024-02-24</subfield>
    <subfield code="l">0</subfield>
    <subfield code="o">547 F491</subfield>
    <subfield code="p">02947</subfield>
    <subfield code="r">2024-02-24 11:27:21</subfield>
    <subfield code="t">16</subfield>
    <subfield code="w">2024-02-24</subfield>
    <subfield code="y">BOOK</subfield>
  </datafield>
  <datafield tag="952" ind1=" " ind2=" ">
    <subfield code="0">0</subfield>
    <subfield code="1">0</subfield>
    <subfield code="2">ddc</subfield>
    <subfield code="4">0</subfield>
    <subfield code="7">0</subfield>
    <subfield code="a">SEACOMEC</subfield>
    <subfield code="b">SEACOMEC</subfield>
    <subfield code="d">2024-02-24</subfield>
    <subfield code="l">0</subfield>
    <subfield code="o">547 F491</subfield>
    <subfield code="p">02948</subfield>
    <subfield code="r">2024-02-24 11:27:21</subfield>
    <subfield code="t">17</subfield>
    <subfield code="w">2024-02-24</subfield>
    <subfield code="y">BOOK</subfield>
  </datafield>
  <datafield tag="952" ind1=" " ind2=" ">
    <subfield code="0">0</subfield>
    <subfield code="1">0</subfield>
    <subfield code="2">ddc</subfield>
    <subfield code="4">0</subfield>
    <subfield code="7">0</subfield>
    <subfield code="a">SEACOMEC</subfield>
    <subfield code="b">SEACOMEC</subfield>
    <subfield code="d">2024-02-24</subfield>
    <subfield code="l">0</subfield>
    <subfield code="o">547 F491</subfield>
    <subfield code="p">02949</subfield>
    <subfield code="r">2024-02-24 11:27:21</subfield>
    <subfield code="t">18</subfield>
    <subfield code="w">2024-02-24</subfield>
    <subfield code="y">BOOK</subfield>
  </datafield>
  <datafield tag="952" ind1=" " ind2=" ">
    <subfield code="0">0</subfield>
    <subfield code="1">0</subfield>
    <subfield code="2">ddc</subfield>
    <subfield code="4">0</subfield>
    <subfield code="7">0</subfield>
    <subfield code="a">SEACOMEC</subfield>
    <subfield code="b">SEACOMEC</subfield>
    <subfield code="d">2024-02-24</subfield>
    <subfield code="l">0</subfield>
    <subfield code="o">547 F491</subfield>
    <subfield code="p">02950</subfield>
    <subfield code="r">2024-02-24 11:27:21</subfield>
    <subfield code="t">19</subfield>
    <subfield code="w">2024-02-24</subfield>
    <subfield code="y">BOOK</subfield>
  </datafield>
  <datafield tag="999" ind1=" " ind2=" ">
    <subfield code="c">688</subfield>
    <subfield code="d">688</subfield>
  </datafield>
</record>
